[Event "DEM U14w 2018"]
[Site "Willingen GER"]
[Date "2018.05.20"]
[Round "2"]
[White "Schwegler, Jelena"]
[Black "Peglau, Mirjam"]
[Result "0-1"]
[Termination "normal"]
[Board "9"]
[WhiteElo "1491"]
[BlackElo "1739"]
[WhiteClock "00:16:41"]
[BlackClock "00:37:13"]
[PlyCount "116"]
[WhiteFideId "16225481"]
[BlackFideId "16211138"]
[EventCountry "GER"]
[EventRounds "9"]
[EventType "swiss"]
[EventDate "2018.05.19"]

1. e4 {[%clk 1:30:58]} 1... c5 {[%clk 1:30:53]} 2. d4 {[%clk 1:31:22]} 2...
cxd4 {[%clk 1:31:15]} 3. c3 {[%clk 1:31:47]} 3... d3 {[%clk 1:31:34]} 4. Bxd3 {
[%clk 1:32:10]} 4... Nc6 {[%clk 1:31:56]} 5. Nf3 {[%clk 1:31:22]} 5... d6 {
[%clk 1:31:17]} 6. Bc4 {[%clk 1:31:08]} 6... Bg4 {[%clk 1:31:12]} 7. Bxf7+ {
[%clk 1:28:34]} 7... Kxf7 {[%clk 1:30:40]} 8. Ng5+ {[%clk 1:28:52]} 8... Ke8 {
[%clk 1:30:51]} 9. Qxg4 {[%clk 1:28:51]} 9... Nf6 {[%clk 1:31:06]} 10. Qe6 {
[%clk 1:15:35]} 10... Qb6 {[%clk 1:21:50]} 11. Nf7 {[%clk 1:01:20]} 11... Nd8 {
[%clk 1:22:04]} 12. Nxd8 {[%clk 1:01:24]} 12... Kxd8 {[%clk 1:22:11]} 13. O-O {
[%clk 0:59:11]} 13... Rc8 {[%clk 1:21:54]} 14. Nd2 {[%clk 0:57:16]} 14... Nd7 {
[%clk 1:19:32]} 15. Rd1 {[%clk 0:52:29]} 15... Nc5 {[%clk 1:17:55]} 16. Qf7 {
[%clk 0:49:38]} 16... Qa6 {[%clk 1:05:02]} 17. b3 {[%clk 0:39:33]} 17... Qe2 {
[%clk 1:00:25]} 18. Ba3 {[%clk 0:36:01]} 18... Nxe4 {[%clk 0:58:51]} 19. Nxe4 {
[%clk 0:34:59]} 19... Qxe4 {[%clk 0:59:15]} 20. c4 {[%clk 0:34:12]} 20... b6 {
[%clk 0:55:28]} 21. Rac1 {[%clk 0:32:13]} 21... Qe5 {[%clk 0:51:35]} 22. b4 {
[%clk 0:25:55]} 22... Rc7 {[%clk 0:40:11]} 23. c5 {[%clk 0:20:20]} 23... e6 {
[%clk 0:38:23]} 24. Qf3 {[%clk 0:19:05]} 24... d5 {[%clk 0:23:16]} 25. cxb6 {
[%clk 0:16:44]} 25... axb6 {[%clk 0:22:55]} 26. Rxc7 {[%clk 0:13:18]} 26...
Qxc7 {[%clk 0:22:34]} 27. Qg4 {[%clk 0:12:22]} 27... Qd7 {[%clk 0:16:05]} 28.
Bc1 {[%clk 0:11:01]} 28... h6 {[%clk 0:15:12]} 29. Be3 {[%clk 0:10:49]} 29...
Qd6 {[%clk 0:13:46]} 30. a4 {[%clk 0:09:54]} 30... e5 {[%clk 0:12:36]} 31. Qh5
{[%clk 0:09:21]} 31... d4 {[%clk 0:12:21]} 32. a5 {[%clk 0:08:17]} 32... g6 {
[%clk 0:12:06]} 33. Qg4 {[%clk 0:08:21]} 33... Qf6 {[%clk 0:10:01]} 34. Bxd4 {
[%clk 0:07:40]} 34... exd4 {[%clk 0:10:06]} 35. Qxd4+ {[%clk 0:07:39]} 35...
Qxd4 {[%clk 0:10:29]} 36. Rxd4+ {[%clk 0:08:07]} 36... Kc7 {[%clk 0:10:36]} 37.
a6 {[%clk 0:08:28]} 37... b5 {[%clk 0:10:48]} 38. Rf4 {[%clk 0:08:09]} 38...
Be7 {[%clk 0:10:19]} 39. Rf7 {[%clk 0:08:08]} 39... Kd7 {[%clk 0:10:15]} 40.
Rg7 {[%clk 0:08:04]} 40... g5 {[%clk 0:10:18]} 41. Kf1 {[%clk 0:05:59]} 41...
Ke6 {[%clk 0:08:59]} 42. Rg6+ {[%clk 0:05:52]} 42... Bf6 {[%clk 0:09:04]} 43.
h4 {[%clk 0:05:03]} 43... Kf7 {[%clk 0:08:55]} 44. h5 {[%clk 0:05:10]} 44...
Ra8 {[%clk 0:06:09]} 45. Rxh6 {[%clk 0:04:27]} 45... Rxa6 {[%clk 0:05:56]} 46.
Rh7+ {[%clk 0:04:36]} 46... Bg7 {[%clk 0:06:03]} 47. h6 {[%clk 0:04:18]} 47...
Rxh6 {[%clk 0:06:24]} 48. Rxh6 {[%clk 0:04:43]} 48... Bxh6 {[%clk 0:06:44]} 49.
f3 {[%clk 0:04:11]} 49... Bf8 {[%clk 0:06:46]} 50. Kf2 {[%clk 0:23:30]} 50...
Bxb4 {[%clk 0:36:58]} 51. f4 {[%clk 0:16:28]} 51... gxf4 {[%clk 0:37:01]} 52.
g3 {[%clk 0:16:37]} 52... fxg3+ {[%clk 0:37:15]} 53. Kxg3 {[%clk 0:16:54]}
53... Ke6 {[%clk 0:37:32]} 54. Kf2 {[%clk 0:16:58]} 54... Bc3 {[%clk 0:37:13]}
55. Ke2 {[%clk 0:16:47]} 55... Kd5 {[%clk 0:37:18]} 56. Kd3 {[%clk 0:16:39]}
56... b4 {[%clk 0:37:33]} 57. Kc2 {[%clk 0:16:52]} 57... Kc4 {[%clk 0:37:46]}
58. Kc1 {[%clk 0:16:41]} 58... Kb3 {[%clk 0:37:13]} 0-1

[Event "DEM U14w 2018"]
[Site "Willingen GER"]
[Date "2018.05.20"]
[Round "2"]
[White "Fuchs, Emily"]
[Black "Jacoby, Angelina"]
[Result "0-1"]
[Termination "normal"]
[Board "10"]
[WhiteElo "1280"]
[BlackElo "1221"]
[WhiteClock "00:04:40"]
[BlackClock "00:09:41"]
[PlyCount "120"]
[WhiteFideId "16208986"]
[BlackFideId "12999008"]
[EventCountry "GER"]
[EventRounds "9"]
[EventType "swiss"]
[EventDate "2018.05.19"]

1. e4 {[%clk 1:30:55]} 1... d5 {[%clk 1:30:52]} 2. exd5 {[%clk 1:31:18]} 2...
Qxd5 {[%clk 1:31:13]} 3. Nc3 {[%clk 1:31:44]} 3... Qa5 {[%clk 1:31:38]} 4. d4 {
[%clk 1:32:06]} 4... c6 {[%clk 1:31:52]} 5. Bd2 {[%clk 1:32:21]} 5... Qc7 {
[%clk 1:32:06]} 6. Nf3 {[%clk 1:32:34]} 6... Nf6 {[%clk 1:32:22]} 7. Be2 {
[%clk 1:31:51]} 7... Bf5 {[%clk 1:31:45]} 8. Ne5 {[%clk 1:29:47]} 8... e6 {
[%clk 1:31:03]} 9. f4 {[%clk 1:28:07]} 9... Nbd7 {[%clk 1:25:03]} 10. g4 {
[%clk 1:19:53]} 10... Be4 {[%clk 1:25:00]} 11. Nxe4 {[%clk 1:16:54]} 11... Nxe4
{[%clk 1:25:17]} 12. Bf3 {[%clk 1:02:52]} 12... Nxd2 {[%clk 1:22:07]} 13. Qxd2
{[%clk 1:03:04]} 13... Bd6 {[%clk 1:21:15]} 14. Qg2 {[%clk 1:00:37]} 14... Nb6
{[%clk 1:15:24]} 15. O-O-O {[%clk 0:47:32]} 15... O-O-O {[%clk 1:07:50]} 16.
Kb1 {[%clk 0:30:41]} 16... f6 {[%clk 1:03:52]} 17. Nd3 {[%clk 0:12:05]} 17...
Bxf4 {[%clk 0:57:49]} 18. Rhe1 {[%clk 0:08:00]} 18... Rhe8 {[%clk 0:53:20]} 19.
Re4 {[%clk 0:06:40]} 19... e5 {[%clk 0:50:30]} 20. Rde1 {[%clk 0:06:38]} 20...
Qf7 {[%clk 0:37:45]} 21. dxe5 {[%clk 0:06:01]} 21... Bxe5 {[%clk 0:31:41]} 22.
Nxe5 {[%clk 0:05:50]} 22... fxe5 {[%clk 0:29:40]} 23. Rxe5 {[%clk 0:05:55]}
23... Nc4 {[%clk 0:24:20]} 24. Rxe8 {[%clk 0:06:00]} 24... Rxe8 {[%clk 0:24:02]
} 25. Rxe8+ {[%clk 0:06:28]} 25... Qxe8 {[%clk 0:24:22]} 26. a3 {[%clk 0:05:47]
} 26... Qe1+ {[%clk 0:21:55]} 27. Ka2 {[%clk 0:06:13]} 27... Nd2 { [%clk
0:19:07]} 28. a4 {[%clk 0:04:44]} 28... Qb1+ {[%clk 0:15:05]} 29. Ka3 { [%clk
0:05:04]} 29... Qa1+ {[%clk 0:09:56]} 30. Kb4 {[%clk 0:05:21]} 30... Qxb2+
{[%clk 0:10:15]} 31. Kc5 {[%clk 0:03:16]} 31... Qa3+ {[%clk 0:07:21]} 32. Kd4
{[%clk 0:02:45]} 32... Nxf3+ {[%clk 0:07:21]} 33. Ke4 {[%clk 0:03:00]} 33...
Ng5+ {[%clk 0:06:12]} 34. Kf4 {[%clk 0:02:57]} 34... Qc5 {[%clk 0:05:35]} 35.
h4 {[%clk 0:02:15]} 35... Ne6+ {[%clk 0:05:42]} 36. Kg3 {[%clk 0:02:31]} 36...
Qd6+ {[%clk 0:05:19]} 37. Kf3 {[%clk 0:02:05]} 37... Qd5+ {[%clk 0:05:38] } 38.
Kf2 {[%clk 0:02:17]} 38... Qxg2+ {[%clk 0:06:03]} 39. Kxg2 { [%clk 0:02:39]}
39... Kc7 {[%clk 0:06:15]} 40. Kf2 {[%clk 0:02:44]} 40... Kd6 { [%clk 0:06:30]}
41. Ke3 {[%clk 0:02:37]} 41... Ke5 {[%clk 0:05:52]} 42. c4 { [%clk 0:02:17]}
42... Nc5 {[%clk 0:06:11]} 43. a5 {[%clk 0:02:35]} 43... Nb3 { [%clk 0:06:25]}
44. a6 {[%clk 0:02:43]} 44... bxa6 {[%clk 0:06:34]} 45. h5 { [%clk 0:02:51]}
45... Na5 {[%clk 0:06:16]} 46. c5 {[%clk 0:02:46]} 46... Nb3 { [%clk 0:06:29]}
47. g5 {[%clk 0:02:51]} 47... Nxc5 {[%clk 0:06:44]} 48. h6 { [%clk 0:03:09]}
48... g6 {[%clk 0:06:46]} 49. Kf3 {[%clk 0:03:05]} 49... a5 { [%clk 0:07:03]}
50. Ke3 {[%clk 0:03:21]} 50... a4 {[%clk 0:06:53]} 51. Kd2 { [%clk 0:03:46]}
51... Kf5 {[%clk 0:06:58]} 52. Kc2 {[%clk 0:04:05]} 52... Kxg5 {[%clk 0:07:22]}
53. Kb2 {[%clk 0:04:28]} 53... Kf4 {[%clk 0:07:28]} 54. Kc2 { [%clk 0:04:25]}
54... g5 {[%clk 0:07:49]} 55. Kd2 {[%clk 0:04:39]} 55... g4 { [%clk 0:08:10]}
56. Ke1 {[%clk 0:04:53]} 56... a3 {[%clk 0:08:31]} 57. Kf2 { [%clk 0:05:05]}
57... a2 {[%clk 0:08:53]} 58. Kg2 {[%clk 0:05:14]} 58... a1=Q { [%clk 0:09:07]}
59. Kh2 {[%clk 0:05:22]} 59... Qa2+ {[%clk 0:09:20]} 60. Kg1 { [%clk 0:04:40]}
60... Kf3 {[%clk 0:09:41]} 0-1

[Event "DEM U14w 2018"]
[Site "Willingen GER"]
[Date "2018.05.20"]
[Round "2"]
[White "Prudlik, Elisa"]
[Black "Schneider, Katharina"]
[Result "0-1"]
[Termination "normal"]
[Board "11"]
[WhiteElo "1286"]
[BlackElo "1667"]
[WhiteClock "00:34:47"]
[BlackClock "00:27:49"]
[PlyCount "98"]
[WhiteFideId "16209915"]
[BlackFideId "16200519"]
[EventCountry "GER"]
[EventRounds "9"]
[EventType "swiss"]
[EventDate "2018.05.19"]

1. e4 {[%clk 1:30:58]} 1... e5 {[%clk 1:30:55]} 2. Nf3 {[%clk 1:31:24]} 2...
Nc6 {[%clk 1:31:19]} 3. Bb5 {[%clk 1:31:50]} 3... a6 {[%clk 1:31:40]} 4. Ba4 {
[%clk 1:32:14]} 4... Nf6 {[%clk 1:31:47]} 5. O-O {[%clk 1:32:29]} 5... Be7 {
[%clk 1:32:06]} 6. Re1 {[%clk 1:32:51]} 6... b5 {[%clk 1:32:25]} 7. Bb3 { [%clk
1:33:14]} 7... O-O {[%clk 1:32:40]} 8. c3 {[%clk 1:33:39]} 8... d5 { [%clk
1:32:33]} 9. d4 {[%clk 1:34:00]} 9... Nxe4 {[%clk 1:16:28]} 10. dxe5 { [%clk
1:29:53]} 10... Be6 {[%clk 1:13:59]} 11. Be3 {[%clk 1:21:20]} 11... b4 { [%clk
1:04:47]} 12. Bc2 {[%clk 1:14:53]} 12... bxc3 {[%clk 0:58:21]} 13. Nxc3 { [%clk
1:12:38]} 13... Bb4 {[%clk 0:58:18]} 14. a3 {[%clk 1:12:20]} 14... Nxc3 { [%clk
0:44:07]} 15. Qd3 {[%clk 1:12:24]} 15... Ne4 {[%clk 0:42:57]} 16. axb4 { [%clk
1:12:12]} 16... Nxb4 {[%clk 0:43:07]} 17. Qe2 {[%clk 1:09:40]} 17... Nxc2
{[%clk 0:42:40]} 18. Qxc2 {[%clk 1:09:54]} 18... Qd7 {[%clk 0:38:24]} 19. Red1
{[%clk 0:56:48]} 19... h6 {[%clk 0:32:46]} 20. Ra5 {[%clk 0:51:45]} 20... Rfc8
{[%clk 0:26:47]} 21. Nd4 {[%clk 0:49:44]} 21... Ng5 {[%clk 0:23:58]} 22. f4 {
[%clk 0:49:19]} 22... Bg4 {[%clk 0:20:16]} 23. fxg5 {[%clk 0:47:43]} 23... Bxd1
{[%clk 0:20:39]} 24. Qxd1 {[%clk 0:48:04]} 24... hxg5 {[%clk 0:20:48]} 25. Bxg5
{[%clk 0:48:13]} 25... c5 {[%clk 0:19:44]} 26. Nb3 {[%clk 0:46:17]} 26... Qf5 {
[%clk 0:17:59]} 27. Be3 {[%clk 0:40:19]} 27... Qxe5 {[%clk 0:14:06]} 28. Bxc5 {
[%clk 0:38:46]} 28... Qxb2 {[%clk 0:11:43]} 29. Qxd5 {[%clk 0:38:55]} 29...
Qb1+ {[%clk 0:11:35]} 30. Kf2 {[%clk 0:39:04]} 30... Qc2+ {[%clk 0:11:17]} 31.
Kf1 {[%clk 0:38:30]} 31... Rd8 {[%clk 0:10:44]} 32. Bd6 {[%clk 0:36:43]} 32...
Qb1+ {[%clk 0:10:02]} 33. Kf2 {[%clk 0:35:46]} 33... Qb2+ {[%clk 0:10:01]} 34.
Kg1 {[%clk 0:35:09]} 34... Qf6 {[%clk 0:09:08]} 35. Be5 {[%clk 0:26:01]} 35...
Rxd5 {[%clk 0:09:07]} 36. Bxf6 {[%clk 0:26:21]} 36... Rxa5 {[%clk 0:09:14]} 37.
Nxa5 {[%clk 0:26:39]} 37... gxf6 {[%clk 0:09:38]} 38. Kf2 {[%clk 0:26:48]}
38... Rb8 {[%clk 0:07:14]} 39. Nc4 {[%clk 0:25:36]} 39... Rb4 {[%clk 0:07:14]}
40. Na5 {[%clk 0:23:48]} 40... Rb5 {[%clk 0:07:19]} 41. Nc4 {[%clk 0:23:48]}
41... a5 {[%clk 0:05:44]} 42. Ke2 {[%clk 0:24:03]} 42... a4 {[%clk 0:03:34]}
43. Kd2 {[%clk 0:23:40]} 43... Rb2+ {[%clk 0:28:27]} 44. Kc1 {[%clk 0:40:03]}
44... Rxg2 {[%clk 0:28:37]} 45. h3 {[%clk 0:37:40]} 45... Rh2 {[%clk 0:27:31]}
46. Nb6 {[%clk 0:35:00]} 46... a3 {[%clk 0:26:49]} 47. Kb1 {[%clk 0:35:08]}
47... Rb2+ {[%clk 0:27:08]} 48. Ka1 {[%clk 0:35:24]} 48... Rxb6 {[%clk 0:27:27]
} 49. h4 {[%clk 0:34:47]} 49... f5 {[%clk 0:27:49]} 0-1

[Event "DEM U14w 2018"]
[Site "Willingen GER"]
[Date "2018.05.20"]
[Round "2"]
[White "Mellugja, Ornela"]
[Black "Wucherer, Sophie"]
[Result "0-1"]
[Termination "normal"]
[Board "13"]
[WhiteElo "747"]
[BlackElo "1340"]
[WhiteClock "00:54:40"]
[BlackClock "00:46:42"]
[PlyCount "92"]
[WhiteFideId "16265998"]
[BlackFideId "16225473"]
[EventCountry "GER"]
[EventRounds "9"]
[EventType "swiss"]
[EventDate "2018.05.19"]

1. e3 {[%clk 1:30:53]} 1... Nf6 {[%clk 1:30:42]} 2. Bc4 {[%clk 1:31:04]} 2...
d5 {[%clk 1:29:41]} 3. Be2 {[%clk 1:31:08]} 3... c5 {[%clk 1:29:12]} 4. d4 {
[%clk 1:31:10]} 4... cxd4 {[%clk 1:28:26]} 5. exd4 {[%clk 1:31:01]} 5... e6 {
[%clk 1:27:22]} 6. Bg5 {[%clk 1:27:19]} 6... Be7 {[%clk 1:27:10]} 7. Nd2 {
[%clk 1:26:41]} 7... Nc6 {[%clk 1:26:11]} 8. Bb5 {[%clk 1:26:24]} 8... Bd7 {
[%clk 1:23:21]} 9. c3 {[%clk 1:26:31]} 9... Qb6 {[%clk 1:20:58]} 10. a4 { [%clk
1:26:28]} 10... a6 {[%clk 1:19:21]} 11. Bd3 {[%clk 1:25:58]} 11... Qxb2 { [%clk
1:14:47]} 12. Rc1 {[%clk 1:25:16]} 12... Qb6 {[%clk 1:14:20]} 13. Rb1 { [%clk
1:24:39]} 13... Qa7 {[%clk 1:13:49]} 14. Ngf3 {[%clk 1:22:50]} 14... Rc8 {[%clk
1:08:44]} 15. Ne5 {[%clk 1:21:45]} 15... Na5 {[%clk 1:02:56]} 16. Nxd7 Nxd7 17.
Bxe7 {[%clk 1:18:48]} 17... Kxe7 {[%clk 1:03:18]} 18. O-O { [%clk 1:18:26]}
18... Rxc3 {[%clk 1:01:02]} 19. Be2 {[%clk 1:13:22]} 19... Qxd4 {[%clk
0:57:41]} 20. Nf3 {[%clk 1:11:09]} 20... Qxd1 {[%clk 0:57:32]} 21. Rfxd1 {[%clk
1:10:44]} 21... h6 {[%clk 0:56:00]} 22. h3 {[%clk 1:05:13]} 22... Rhc8 { [%clk
0:54:16]} 23. Rd3 {[%clk 1:02:57]} 23... Rc1+ {[%clk 0:52:10]} 24. Rxc1 { [%clk
1:02:15]} 24... Rxc1+ {[%clk 0:52:29]} 25. Kh2 {[%clk 1:02:25]} 25... Ra1
{[%clk 0:50:22]} 26. Re3 {[%clk 1:01:42]} 26... Rxa4 {[%clk 0:47:58]} 27. Ne5 {
[%clk 1:01:09]} 27... Nxe5 {[%clk 0:48:06]} 28. Rxe5 {[%clk 1:01:26]} 28... Re4
{[%clk 0:48:20]} 29. Rh5 {[%clk 1:00:25]} 29... Rxe2 {[%clk 0:48:35]} 30. Kg3 {
[%clk 0:59:24]} 30... Nc4 {[%clk 0:47:48]} 31. f4 {[%clk 0:59:07]} 31... b5 {
[%clk 0:47:55]} 32. f5 {[%clk 0:58:34]} 32... exf5 {[%clk 0:46:54]} 33. Rxf5 {
[%clk 0:58:35]} 33... Rxg2+ {[%clk 0:47:16]} 34. Kxg2 {[%clk 0:56:19]} 34...
Ne3+ {[%clk 0:47:37]} 35. Kf3 {[%clk 0:55:57]} 35... Nxf5 {[%clk 0:47:54]} 36.
Kg4 {[%clk 0:55:58]} 36... b4 {[%clk 0:48:01]} 37. Kxf5 {[%clk 0:56:03]} 37...
b3 {[%clk 0:48:15]} 38. Kg4 {[%clk 0:56:05]} 38... b2 {[%clk 0:48:37]} 39. h4 {
[%clk 0:56:16]} 39... b1=Q {[%clk 0:48:56]} 40. Kf4 {[%clk 0:55:35]} 40... Qe4+
{[%clk 0:47:00]} 41. Kg3 {[%clk 0:55:36]} 41... d4 {[%clk 0:47:00]} 42. Kh3 {
[%clk 0:55:28]} 42... d3 {[%clk 0:46:41]} 43. Kg3 43... d2 {[%clk 0:46:50]} 44.
Kh3 {[%clk 0:55:46]} 44... d1=Q {[%clk 0:46:45]} 45. Kh2 {[%clk 0:54:48]} 45...
Qeh1+ {[%clk 0:46:25]} 46. Kg3 {[%clk 0:54:40]} 46... Qdf3# {[%clk 0:46:42]}
0-1

[Event "DEM U14w 2018"]
[Site "Willingen GER"]
[Date "2018.05.21"]
[Round "3"]
[White "Brunner, Sophia"]
[Black "Rudolph, Eva"]
[Result "1-0"]
[Termination "normal"]
[Board "1"]
[WhiteElo "1742"]
[BlackElo "1760"]
[WhiteClock "00:01:32"]
[BlackClock "00:01:01"]
[PlyCount "81"]
[WhiteFideId "12960683"]
[BlackFideId "16200594"]
[EventCountry "GER"]
[EventRounds "9"]
[EventType "swiss"]
[EventDate "2018.05.19"]

1. d4 {[%clk 1:30:57]} 1... d5 2. c4 {[%clk 1:31:21]} 2... e6 {[%clk 1:31:20]}
3. Nc3 {[%clk 1:31:44]} 3... Nf6 {[%clk 1:31:45]} 4. Nf3 {[%clk 1:32:07]} 4...
Bb4 {[%clk 1:32:04]} 5. e3 {[%clk 1:22:01]} 5... c5 {[%clk 1:26:54]} 6. a3 {
[%clk 1:02:32]} 6... Bxc3+ {[%clk 1:23:48]} 7. bxc3 {[%clk 1:02:56]} 7... Ne4 {
[%clk 1:19:18]} 8. Qc2 {[%clk 1:00:36]} 8... Nd7 {[%clk 1:03:29]} 9. Bd3 {
[%clk 0:57:19]} 9... Ndf6 {[%clk 1:00:12]} 10. O-O {[%clk 0:45:03]} 10... O-O {
[%clk 0:57:46]} 11. Bb2 {[%clk 0:38:33]} 11... b6 {[%clk 0:52:53]} 12. Nd2 {
[%clk 0:37:32]} 12... Nxd2 {[%clk 0:35:10]} 13. Qxd2 {[%clk 0:37:21]} 13...
dxc4 {[%clk 0:32:11]} 14. Bxc4 {[%clk 0:37:21]} 14... Ne4 {[%clk 0:30:48]} 15.
Qe2 {[%clk 0:34:33]} 15... Bb7 {[%clk 0:30:21]} 16. f3 {[%clk 0:32:11]} 16...
Nd6 {[%clk 0:28:59]} 17. Bd3 {[%clk 0:28:43]} 17... Rc8 {[%clk 0:25:49]} 18. e4
{[%clk 0:25:54]} 18... c4 {[%clk 0:22:10]} 19. Bc2 {[%clk 0:26:07]} 19... Qc7 {
[%clk 0:19:29]} 20. Rae1 {[%clk 0:20:34]} 20... b5 {[%clk 0:08:42]} 21. e5 {
[%clk 0:16:41]} 21... Nf5 {[%clk 0:05:40]} 22. Qf2 {[%clk 0:13:36]} 22... Rcd8
{[%clk 0:03:28]} 23. g4 {[%clk 0:11:29]} 23... Ne7 {[%clk 0:03:45]} 24. Qh4 {
[%clk 0:11:04]} 24... Ng6 {[%clk 0:03:31]} 25. Qh5 {[%clk 0:08:18]} 25... Rfe8
{[%clk 0:01:47]} 26. f4 {[%clk 0:02:53]} 26... Nf8 {[%clk 0:01:27]} 27. Re3 {
[%clk 0:02:31]} 27... g6 {[%clk 0:00:36]} 28. Qh3 {[%clk 0:02:22]} 28... Qe7 {
[%clk 0:00:42]} 29. f5 {[%clk 0:02:08]} 29... exf5 {[%clk 0:00:40]} 30. gxf5 {
[%clk 0:02:30]} 30... h5 {[%clk 0:00:35]} 31. fxg6 {[%clk 0:01:56]} 31... fxg6
{[%clk 0:00:49]} 32. Rg3 {[%clk 0:01:59]} 32... Qg7 {[%clk 0:00:35]} 33. Rf6 {
[%clk 0:01:45]} 33... Bc8 {[%clk 0:00:44]} 34. Qg2 {[%clk 0:01:56]} 34... Re6 {
[%clk 0:00:35]} 35. Rxe6 {[%clk 0:01:58]} 35... Bxe6 {[%clk 0:00:37]} 36. Bxg6
{[%clk 0:01:53]} 36... Nxg6 {[%clk 0:00:33]} 37. Rxg6 {[%clk 0:02:20]} 37...
Rd7 {[%clk 0:00:34]} 38. Rxe6 {[%clk 0:00:58]} 38... Qxg2+ {[%clk 0:00:37]} 39.
Kxg2 {[%clk 0:01:27]} 39... Kf7 {[%clk 0:00:47]} 40. Rh6 {[%clk 0:01:30]} 40...
Kg7 {[%clk 0:01:01]} 41. Rxh5 {[%clk 0:01:32]} 1-0

[Event "DEM U14w 2018"]
[Site "Willingen GER"]
[Date "2018.05.21"]
[Round "3"]
[White "Pavlov, Liliane"]
[Black "Glinzner, Alva"]
[Result "1/2-1/2"]
[Termination "normal"]
[Board "2"]
[WhiteElo "1605"]
[BlackElo "1813"]
[WhiteClock "00:07:12"]
[BlackClock "00:01:10"]
[PlyCount "150"]
[WhiteFideId "16225449"]
[BlackFideId "16206169"]
[EventCountry "GER"]
[EventRounds "9"]
[EventType "swiss"]
[EventDate "2018.05.19"]

1. d4 {[%clk 1:30:57]} 1... Nf6 {[%clk 1:30:48]} 2. Bg5 {[%clk 1:31:15]} 2...
d5 {[%clk 1:29:48]} 3. Nc3 {[%clk 1:31:26]} 3... Nbd7 {[%clk 1:29:54]} 4. e3 {
[%clk 1:30:18]} 4... e6 {[%clk 1:29:17]} 5. Nf3 {[%clk 1:29:32]} 5... Be7 {
[%clk 1:29:23]} 6. Bd3 {[%clk 1:27:24]} 6... O-O {[%clk 1:28:01]} 7. h4 { [%clk
1:24:29]} 7... c5 {[%clk 1:21:54]} 8. Bxf6 {[%clk 1:15:32]} 8... Nxf6 { [%clk
1:20:42]} 9. dxc5 {[%clk 1:13:18]} 9... Bxc5 {[%clk 1:20:40]} 10. Qe2 { [%clk
1:13:11]} 10... Bb4 {[%clk 1:18:27]} 11. O-O {[%clk 1:10:01]} 11... a6 { [%clk
1:17:22]} 12. Nd1 {[%clk 1:07:39]} 12... Qc7 {[%clk 1:09:01]} 13. c3 { [%clk
1:02:54]} 13... Bd6 {[%clk 1:08:06]} 14. Nd2 {[%clk 0:52:04]} 14... e5 { [%clk
0:42:50]} 15. e4 {[%clk 0:50:59]} 15... Bg4 {[%clk 0:40:43]} 16. f3 { [%clk
0:47:55]} 16... Bc5+ {[%clk 0:37:30]} 17. Kh1 {[%clk 0:47:44]} 17... Nh5 {[%clk
0:34:09]} 18. Qe1 {[%clk 0:46:25]} 18... Be6 {[%clk 0:32:53]} 19. Ne3 { [%clk
0:42:07]} 19... Bxe3 {[%clk 0:28:41]} 20. Qxe3 {[%clk 0:40:09]} 20... Ng3+
{[%clk 0:28:59]} 21. Kg1 {[%clk 0:40:29]} 21... Nxf1 {[%clk 0:28:58]} 22. Kxf1
{[%clk 0:40:43]} 22... d4 {[%clk 0:22:20]} 23. cxd4 {[%clk 0:33:23]} 23... Qb6
{[%clk 0:22:40]} 24. b3 {[%clk 0:32:10]} 24... Rfd8 {[%clk 0:19:31]} 25. Nc4
{[%clk 0:28:57]} 25... Bxc4 {[%clk 0:15:41]} 26. Bxc4 {[%clk 0:28:42]} 26...
Rxd4 {[%clk 0:14:56]} 27. Qg5 {[%clk 0:26:32]} 27... Qc7 {[%clk 0:11:47]} 28.
Rc1 {[%clk 0:26:19]} 28... h6 {[%clk 0:07:11]} 29. Qe3 {[%clk 0:25:20]} 29...
Qe7 {[%clk 0:06:12]} 30. g3 {[%clk 0:24:55]} 30... Rd7 {[%clk 0:04:35]} 31. Bd5
{[%clk 0:24:34]} 31... Rc7 {[%clk 0:04:02]} 32. Rc4 {[%clk 0:22:54]} 32... Rac8
{[%clk 0:02:34]} 33. Qb6 {[%clk 0:20:17]} 33... Qd7 {[%clk 0:01:24]} 34. Kg2
{[%clk 0:20:27]} 34... Kh7 {[%clk 0:01:42]} 35. g4 {[%clk 0:19:56]} 35... Qe7
{[%clk 0:01:30]} 36. Kg3 {[%clk 0:18:11]} 36... Rxc4 {[%clk 0:01:28]} 37. bxc4
{[%clk 0:16:21]} 37... Rc7 {[%clk 0:01:55]} 38. a4 {[%clk 0:15:45]} 38... Qd7
{[%clk 0:00:42]} 39. a5 {[%clk 0:16:00]} 39... Qe7 {[%clk 0:01:02]} 40. Kh3
{[%clk 0:12:55]} 40... Rd7 {[%clk 0:00:59]} 41. Kg3 {[%clk 0:11:10]} 41... Rc7
{[%clk 0:29:07]} 42. Kh3 {[%clk 0:32:51]} 42... Kg8 {[%clk 0:21:43]} 43. Kg3
{[%clk 0:30:45]} 43... Kf8 {[%clk 0:21:50]} 44. Qa7 {[%clk 0:30:20]} 44... g6
{[%clk 0:18:52]} 45. Kh3 {[%clk 0:26:58]} 45... Qd7 {[%clk 0:18:52]} 46. Kg3
{[%clk 0:27:09]} 46... Ke7 {[%clk 0:17:32]} 47. Qb6 {[%clk 0:24:45]} 47... Qd6
{[%clk 0:16:31]} 48. Qb3 {[%clk 0:23:34]} 48... Qc5 {[%clk 0:15:06]} 49. Qc3
{[%clk 0:23:28]} 49... Kd6 {[%clk 0:13:52]} 50. Qd2 {[%clk 0:23:34]} 50... Qd4
{[%clk 0:05:33]} 51. Qxh6 {[%clk 0:22:14]} 51... Qg1+ {[%clk 0:05:58] } 52. Kh3
{[%clk 0:22:36]} 52... Qh1+ {[%clk 0:04:08]} 53. Kg3 {[%clk 0:22:59]} 53...
Qe1+ {[%clk 0:04:29]} 54. Kh3 {[%clk 0:22:51]} 54... Re7 {[%clk 0:03:46]} 55.
h5 {[%clk 0:22:22]} 55... Qf2 {[%clk 0:03:00]} 56. Qh8 {[%clk 0:18:41]} 56...
Qxf3+ {[%clk 0:03:10]} 57. Kh4 {[%clk 0:18:55]} 57... Kc7 {[%clk 0:01:31] } 58.
Qa8 {[%clk 0:09:45]} 58... Qf6+ {[%clk 0:01:50]} 59. Kh3 {[%clk 0:09:38]} 59...
Qf1+ {[%clk 0:01:17]} 60. Kh4 {[%clk 0:09:12]} 60... Qf2+ {[%clk 0:01:07] } 61.
Kh3 {[%clk 0:09:22]} 61... Qf3+ {[%clk 0:01:09]} 62. Kh4 {[%clk 0:09:40]} 62...
Qf6+ {[%clk 0:00:48]} 63. Kh3 {[%clk 0:10:01]} 63... Kd6 {[%clk 0:00:41]} 64.
Qa7 {[%clk 0:08:57]} 64... Qf3+ {[%clk 0:00:51]} 65. Kh4 {[%clk 0:09:17]} 65...
Rc7 {[%clk 0:01:01]} 66. Qb6+ {[%clk 0:08:06]} 66... Kd7 {[%clk 0:01:26]} 67.
hxg6 {[%clk 0:07:00]} 67... Qh1+ {[%clk 0:01:22]} 68. Kg3 {[%clk 0:06:38]}
68... Qe1+ {[%clk 0:01:42]} 69. Kh3 {[%clk 0:06:57]} 69... Qf1+ {[%clk 0:01:38]
} 70. Kh4 {[%clk 0:06:48]} 70... Qe1+ {[%clk 0:01:10]} 71. Kh3 {[%clk 0:07:12]}
71... Qc3+ 72. Kh4 Qe1+ 73. Kh3 Qh1+ 74. Kg3 Qe1+ 75. Kh3 Qc3+ 1/2-1/2